123 Greatest Actors of All Time - Statistics

General Stats
  • This quiz has been taken 251 times
  • The average score is 66 of 123
Answer Stats
Hint Answer % Correct
45. Brad Pitt
90%
37. Tom Hanks
87%
26. Al Pacino
86%
21. Jack Nicholson
86%
25. Robert DeNiro
86%
43. Leonardo DiCaprio
84%
46. Tom Cruise
82%
57. WIll Smith
81%
55. Denzel Washington
80%
40. Marlon Brando
80%
3. Gary Cooper
78%
42. Matt Damon
78%
52. Morgan Freeman
78%
54. Samuel L. Jackson
78%
29. Dustin Hoffman
76%
106. Philip Seymour Hoffman
76%
96. Tommy Lee Jones
75%
1. Charlie Chaplin
74%
11. Cary Grant
73%
27. Clint Eastwood
73%
9. Humphrey Bogart
73%
41. Paul Newman
73%
36. Daniel Day Lewis
72%
122. Robin Williams
72%
90. Russell Crowe
70%
111. Joaquin Phoenix
69%
112. Michael Douglas
69%
48. Robert Redford
69%
58. Robert Downey Jr.
68%
61. Sean Penn
68%
30. Anthony Hopkins
67%
110. Christian Bale
67%
34. Clark Gable
67%
15. Jack Lemmon
67%
44. Johnny Depp
67%
7. Kirk Douglas
67%
77. Liam Neeson
67%
32. Melvyn Douglas
67%
19. Sean Connery
67%
78. Ralph Fiennes
66%
109. Gary Oldman
65%
66. Heat Ledger
65%
16. Henry Fonda
65%
39. Laurence Olivier
65%
53. Michael Caine
65%
24. Peter OToole
65%
33. Gregory Peck
64%
74. James Dean
63%
72. Jeff Bridges
63%
94. Martin Sheen
63%
62. Ian McKellen
62%
114. Joe Pesci
62%
105. Cillian Murphy
61%
22. Gene Hackman
61%
119. Gene Kelly
61%
56. Jamie Foxx
61%
23. Richard Burton
61%
5. Spencer Tracy
61%
13. Steve McQueen
61%
120. Edward Norton
60%
99. Kevin Spacey
60%
97. Ben Kingsley
59%
118. Burt Lancaster
59%
79. Ed Harris
59%
47. Javier Bardem
59%
108. Nicolas Cage
59%
95. Hugh Jackman
56%
123. Jim Carrey
56%
59. Matthew McConaughey
56%
73. Robert Duvall
56%
10. James Stewart
54%
18. Sidney Poitier
54%
51. James Cagney
53%
65. Jake Gyllenhaal
52%
71. Jeremy Irons
52%
69. Jon Voight
52%
28. Alec Guinness
50%
8. Anthony Quinn
50%
100. Christopher Plummer
50%
68. George C. Scott
50%
20. Montgomery Clift
50%
76. Christoph Waltz
48%
92. Colin Farrell
48%
80. Willem Dafoe
48%
88. Antonio Banderas
47%
60. Tom Hardy
47%
81. Viggo Mortensen
44%
93. Donald Sutherland
43%
98. Adrien Brody
41%
70. Geoffrey Rush
41%
49. David Niven
40%
82. Nick Nolte
40%
91. Jude Law
39%
84. Armin Mueler Stahl
38%
2. Rudolph Valentino
37%
14. Walter Matthau
37%
107. Woody Harrelson
33%
75. Maximilian Schell
32%
50. Paul Muni
32%
17. Tony Curtis
32%
4. Fredric March
31%
85. Gerard Depardieu
29%
117. Rod Steiger
27%
89. Bob Hoskins
26%
67. Jason Robards
24%
83. James Coburn
23%
31. Peter Ustinov
23%
86. Vincent Cassel
22%
12. William Powell
22%
35. Yves Montand
22%
116. J. K. Simmons
20%
104. Stellan Skarsgard
20%
6. Dirk Bogarde
18%
87. Fele Martinez
18%
63. Michael Shannon
18%
121. Guy Pearce
17%
102. Mads Mikkelsen
15%
38. John Lithgow
14%
113. Timothy Olyphant
13%
101. Hiroyuki Sanada
11%
115. Daniel Auteuil
10%
64. Djimon Hounsou
7%
103. Ulrich Thomsen
6%
No matching quizzes found
Score Distribution
Percent of People with Each Score
Percentile by Number Answered
Your Score History
You have not taken this quiz